Statistics for African Countries with the Highest HDI

Click here to take the quiz!

General Stats

  • This quiz has been taken 98 times
  • The average score is 9 of 10

Answer Stats

Global HDI rankCountry% Correct
111Egypt
96%
83Algeria
92%
119South Africa
92%
108Botswana
89%
102Libya
89%
97Tunisia
89%
64Mauritius
87%
63Seychelles
86%
122Cape Verde
73%
109Gabon
73%

Score Distribution

Percentile by Number Answered

Percent of People with Each Score

Your Score History

You have not taken this quiz